Businese accounting 1

Bibliographic Details
Main Author: Wood, Frank
Format: Book
Published: London : Pitman Publishing , 1989
Edition:5th ed
Subjects:

MARC

LEADER 00000cam a2200000 7i4500
001 0000009569
002 000010425
005 20000330.0
020 |a 0273031198 
090 0 0 |a 657   |b WOO 
100 1 |a Wood, Frank 
245 1 0 |a Businese accounting 1   |c Frank Wood 
250 |a 5th ed 
260 |a London :   |b Pitman Publishing ,   |c 1989 
300 |a 563 p. ;   |c 23 cm. 
650 0 0 |a Accounting 
650 0 0 |a Business enterprises   |x Finance 
999 |a 019539   |b BUKU   |c PINJAMAN   |e PERPUSTAKAAN KOMUNITI PETALING JAYA 
999 |a 020970   |b BUKU   |c PINJAMAN   |e PERPUSTAKAAN KOMUNITI PETALING JAYA